01879nam a2200397 i 4500001001000000003000900010005001700019007000300036008004100039020001800080040003000098041000800128082002200136100004900158245011600207264005100323300004900374336002700423337003300450338002800483500007700511500007000588504004000658590002600698650004600724650005900770651005400829651005800883651005300941910003800994942001401032952014501046952013401191952013901325999001701464000043804DO-SdBNP20260312124843.0ta140502s2012 dr a r 000 0 spa d a9789945017021 aDO-SdBNPbspacBNPHUerda aspa 4a339.46bT683p2221 aToribio, Juan Francisco,eautor4aut.95447210aPobreza y discriminación en el edén del Caribe :bherencia del ingenio azucarero /cJuan Francisco Toribio. 1aSanto Domingo :bTriunfo Fast Printing,c2012. aiv, 343 páginas :bilustraciones ;c27 cm. atextobtxt2rdacontent asin mediaciónbn2rdamedia avolumenbnc2rdacarrier aIncluye datos biográficos del autor en la solapa de la contracubierta. aIncluye referencias bibliográficas y notas al pie de páginas. aBibliografía : páginas 304-316. aInventariado, 2018/BT 4aIndustria de la caña de azúcar922538 4aDiscriminación racial zRepública Dominicana92280 4aRepública DominicanaxCondiciones rurales99403 4aRepública DominicanaxCondiciones económicas9281 4aRepública DominicanaxCondiciones sociales946 aValidado. Control de calidad. EMS 2ddccLBS1 00102ddc56708DSaBNPHUbBNPHUcHDd2014-05-02l0oBNPHU DS 339.46 T683pp43804-30r2020-06-25te.3w2020-06-25yLBS1ZPréstamo en sala 00102ddc51708PDaBNPHUbBNPHUcHDd2014-05-02l0oBNPHU PD 339.46 T683pp43804-10r2020-06-25w2020-06-25yLBS1ZNo se presta 00102ddc51708PDaBNPHUbBNPHUcHDd2014-05-02l0oBNPHU PD 339.46 T683pp43804-20r2020-06-25te.2w2020-06-25yLBS1ZNo se presta c43293d43293